000 00370nam a2200169Ia 4500
001 27885
003 IN-NITTTR
005 20251114233346.0
008 251113s9999||||xx |||||||||||||| ||eng||
040 _beng
040 _cIN-NITTTR
041 _aeng
082 _a891.43301 S77A
100 _aSurinder Kumar,
245 0 _aAahm /
_cSurinder Kumar
942 _2ddc
_cBK
999 _c30513
_d30513